000
00318nam a2200121Ia 4500
008
190216s9999||||xx |||||||||||||| ||und||
100
_a
Rohatgy K K & Mukherjee
245
0
_a
Fundamentals Of Photochemistry
260
_b
New Age International Publishers
_c
2000
300
_a
371p
650
_a
Chemistry
942
_c
BK
999
_c
2472
_d
2472